000 00323nam a2200133Ia 4500
008 100328s9999 xx 000 0 und d
082 _b33401
100 _aFrederick Forsyth
245 _aDevil's Alternative
260 _bCorgi books
630 _aDevil's Alternative
730 _aDevil's Alternative
942 _cBOOK
999 _c523877
_d523874